01853 a2200277 4500003000500000005001700005010001600022020002200038040000900060082001200069100003000081245007300111250001200184260004700196300003300243505075900276650003301035650005401068650004201122740001801164942001401182999001901196952012001215952012001335952012001455Nust20230712093601.0 a 86002006 a0827325347 (pbk.) cNust00a537,ALE1 aAlerich, Walter N.96234910aElectricity 3 :bmotors, controls, alternators /cWalter N. Alerich. a4th ed. aAlbany, N.Y. :bDelmar Publishers,cc1986. aix, 240 p. :bill. ;c26 cm. aOperating Principles (Page-1), The separately Excited DC Generators (Page-7), The Self Exited shunt Generators (Page-11), The Dc Shunt Motor (Page-23), The DC Series motors (Page-35), DC Compound Motors (Page-39), Summary Review (Page-45), Manual starting reposts for DC motors (Page-46), Basic Principles of automatic Motors (Page-67), The DC Counter EMF Motor Controller (Page-75), The Three face way Connection (Page-115), The Three phase Delta Connection (Page-121), Basic Principles of transformers (Page-131), Single phase transformers (Page-141), Single phase Transformers (Page-165), Wye and Delta Connection of single Phase (Page-189), Instrumentation Transformers (Page-199), National Electrical Code requirements for transformers (Page-211). 0aElectric controllers.941202 0aElectric generatorsxAlternating current.9113550 0aElectric motors, Alternating current.0 aElectricity 3 2ddccBKB  c184230d184230 00102ddc4070aMCSbMCScGENd2016-12-12o537,ALEpMCS5445r2016-12-08w2016-12-12yBKzAlmirah No.77, Shelf No.3 00102ddc4070aMCSbMCScGENd2016-12-12o537,ALEpMCS5446r2016-12-08w2016-12-12yBKzAlmirah No.77, Shelf No.3 00102ddc4070aMCSbMCScGENd2016-12-12o537,ALEpMCS5470r2016-12-08w2016-12-12yBKzAlmirah No.77, Shelf No.3